Music in painting /
Descripción Física:
24 pàg. : il. ; 31.5 cm
Colección:
The Faber Gallery
Otros Autores:
Haward, Lawrence, 1878-1957
Idioma:
English
MARC
| LEADER | 00000nam a22000007a 4500 | ||
|---|---|---|---|
| 001 | 24849 | ||
| 003 | AGDB | ||
| 005 | 20260324181537.0 | ||
| 008 | 070126s1950 xxk|||||||||||00| ||eng | ||
| 035 | |a (ES-BaCBU).b64475426 | ||
| 035 | |a b15997601 | ||
| 040 | |a ES-BaBC |b cat |c ES-BaBC | ||
| 080 | |a 78 | ||
| 080 | |a 75 | ||
| 245 | 1 | 0 | |a Music in painting / |c with an introducion and notes by Lawrence Haward |
| 260 | |a [London] : |b Faber and Faber, |c [1951] | ||
| 300 | |a 24 pàg. : |b il. ; |c 31.5 cm | ||
| 500 | |a Prové del fons Joan Junyer i Pascual (1909-1994) | ||
| 650 | |a Fons Joan Junyer i Pascual (1909-1994) |9 72777 | ||
| 653 | |a Música en la pintura | ||
| 700 | |a Haward, Lawrence, |d 1878-1957 |9 72622 | ||
| 830 | |a The Faber Gallery |9 72618 | ||
| 907 | |a .b64475426 |b 23-01-21 |c 30-10-15 |d 30-10-15 |e m |f a |g - |h eng |i xxk |j 0 |k 2 | ||
| 908 | |a BC | ||
| 942 | |2 udc |c ARXIU |n 1 | ||
| 952 | |0 0 |1 0 |4 0 |6 F504120 |7 1 |9 98537 |a Arxiu |b Arxiu |d 2025-10-22 |l 0 |o F-504-120 |p 24849 |r 2025-10-22 10:33:33 |w 2025-10-22 |y ARXIU | ||
| 999 | |c 130288 |d 130288 | ||